| 000 | 00428nam a2200181Ia 4500 | ||
|---|---|---|---|
| 001 | 23466 | ||
| 005 | 20260414150939.0 | ||
| 008 | 260414t2001||||xx |||||||||||||| ||spa|| | ||
| 041 | _aESP | ||
| 082 |
_a650.01513 _bV66 |
||
| 100 |
_aVillalobos, José Luis _eAUT |
||
| 245 | 0 |
_aMatemáticas financieras _b |
|
| 260 | _c2001 | ||
| 300 |
_a482 páginas : _c23cm |
||
| 650 | _aGEN | ||
| 654 | _aCCO | ||
| 942 |
_cLIB _dJUS _fJUS _2ddc _n |
||
| 999 |
_c23466 _d23466 |
||